00900nam a2200229 a 4500001001000000003000500010005001700015008004100032010001100073011001100084040000900095100002900104245015000133260004100283500006000324502009600384650004000480650002700520650002500547700002800572856007000600000111831CHAP20220329144231.0150922s2015 mx a fsm |||||||spa d a108292 a109264 cCHAP1 aOlguín Bravo, Jazmín10aIndicadores de productividad en los forrajes del DR-017 irrigados por gravedadh[En línea]cpor Jazmín Olguín Bravo y America Pérez Lara. aBermejillo, Dgo. :bEl autor,c2015. aPara ver el contenido del material haga clic en la liga aTesis (Ing. en Sistemas Pecuarios) -- UACH. Unidad Regional Universitaria de Zonas Áridas14aDistrito de Riego Comarca Lagunera.14aForrajesxRendimiento.14aRiego de superficie.1 aPérez Lara, América aFinding aiduhttp://10.13.5.2/tesis/sist111831.pdfzTeclea aquí